00795nam a2200181Ia 4500008004100000020001500041050002400056100004100080245015400121260005500275300003600330490003500366500002400401505006400425651004600489700003700535700004100572120720s1988 mx a 000 0 spa d a9681629272 aF1234.V63 bV3 1988 aVargas Arreola, Juan Bautistaeautor12aA sangre y fuego con Pancho Villac / Juan Bautista Vargas Arreola ; comp. y semblanza de Bertha Vargas de Corona ; prólogo de Jorge Aguilar Mora  aMéxicob : Fondo de Cultura Económica c, 1988 a366 páginasb : ilustraciones aVida y pensamiento de México aReimpresión: 1995 aLos dorados Las campañas de Pacho Villa Algunos retratos aMÉXICOxHISTORIAyREVOLUCION, 1910-1920 aAguilar Mora, Jorgeeprologuista aVargas de Corona, Berthaecompilador